000
00303nam a2200145Ia 4500
100
_a
Philippakis// Tazmier
942
_c
BK
654
_a
Cobol
245
_a
Structured Cobol
260
_b
Mc Graw Hill
_a
New Delhi
_c
1993
082
_a
5.133
_b
PAN
300
_a
433
546
_a
ENGLISH
999
_c
34478
_d
34478